Statistics for American Football Positions Map Quiz

Click here to take the quiz!

General Stats

  • This quiz has been taken 228 times
  • The average score is 12 of 16

Answers on the Map

Answers color-coded by a green-red scale on the quiz's map according to % correct below.
 

Answer Stats

Answer% Correct
Center
90%
Quarterback
88%
Wide Receiver
81%
Cornerback
78%
Right Guard
78%
Right Tackle
78%
Defensive End
75%
Defensive Tackle
75%
Linebacker
75%
Tight End
74%
Left Guard
73%
Running Back
73%
Strong Safety
70%
Left Tackle
67%
Fullback
57%
Free Safety
56%

Score Distribution

Percentile by Number Answered

Percent of People with Each Score

Your Score History

You have not taken this quiz